[Event "XXVII. Abierto de Sevilla"]
[Site "?"]
[Date "2002.01.16"]
[Round "6"]
[White "Mellado Trivino, J."]
[Black "Giampa, A."]
[Result "1-0"]
[WhiteElo "2447"]
[BlackElo "2189"]
[PlyCount "61"]
[EventDate "1996.??.??"]

1. e4 e6 2. d4 d5 3. Nc3 Bb4 4. Nge2 dxe4 5. a3 Be7 6. Nxe4 Nf6 7. N2g3 Bd7 8.
Nxf6+ Bxf6 9. Nh5 Bc6 10. Be3 Be4 11. Qg4 Bg6 12. Nxf6+ gxf6 13. O-O-O $14
13... Qd5 14. c4 Qc6 15. d5 Qa4 16. Bd3 Nd7 17. Bxg6 hxg6 18. dxe6 Ne5 19. Qf4
Qxc4+ 20. Qxc4 Nxc4 21. Rd7 fxe6 22. Rxc7 Nxe3 23. fxe3 { } 23... O-O (23... b6
) 24. Rxb7 Rac8+ 25. Kb1 Rf7 26. Rxf7 Kxf7 27. Rc1 Rxc1+ 28. Kxc1 Ke7 29. Kc2
Kd6 30. b4 f5 31. h4 1-0

[Event "XXVII. Abierto de Sevilla"]
[Site "?"]
[Date "2002.01.16"]
[Round "6"]
[White "Candela Perez, J."]
[Black "Espejo Hava, F."]
[Result "1-0"]
[WhiteElo "2399"]
[BlackElo "2166"]
[PlyCount "57"]
[EventDate "1996.??.??"]

1. d4 Nf6 2. c4 e6 3. Nc3 Bb4 4. Qc2 c5 5. dxc5 O-O 6. Bf4 Bxc5 7. Nf3 Na6 8.
a3 b6 9. e4 Bb7 10. b4 Be7 11. Bd3 h6 12. O-O Nh5 13. Be3 Nc7 14. Rfd1 f5 15.
Ne5 f4 16. Bc1 Qe8 17. c5 bxc5 18. Nb5 Nxb5 19. Bxb5 Bc6 20. Bxc6 dxc6 21. Nd7
Rf7 22. Nxc5 Bf6 23. Rb1 f3 24. g3 Be5 25. Qb3 { } 25... Rf6 $2 26. Nd7 Nxg3
27. Nxf6+ Bxf6 28. hxg3 Qh5 29. Qxe6+ 1-0

[Event "XXVII. Abierto de Sevilla"]
[Site "?"]
[Date "2002.01.16"]
[Round "6"]
[White "Teran Alvarez, I."]
[Black "Vela Ignacio, J.M."]
[Result "1-0"]
[WhiteElo "2392"]
[BlackElo "2080"]
[PlyCount "85"]
[EventDate "1996.??.??"]

1. Nf3 e6 2. c4 f5 3. g3 Nf6 4. Bg2 Be7 5. O-O O-O 6. b3 c6 7. Bb2 d6 8. d4 d5
9. Nbd2 Nbd7 10. Qc2 Qe8 11. Ne5 Nxe5 12. dxe5 Ne4 13. Nxe4 dxe4 14. Rad1 Qf7
15. f3 exf3 16. Rxf3 g5 17. e4 g4 18. Rff1 h5 19. Qc3 h4 20. exf5 hxg3 21. f6
Bc5+ 22. Kh1 22... Bf2 { } 23. Rxf2 gxf2 24. Qg3 Qg6 25. Ba3 Re8 26. Bf3 Kf7
27. Qxg4 Qxg4 28. Bxg4 Rh8 29. Kg2 b6 30. Be7 Ba6 31. h3 Rab8 32. Rd6 Bc8 33.
Kxf2 Rb7 34. Rxc6 Bd7 35. Rd6 Rc8 36. Bf3 Rbc7 37. Bh5+ Kg8 38. f7+ Kg7 39. Rd4
Kh6 40. Rh4 Bc6 41. Bf6 Rf8 42. Bd1+ Kg6 43. Bc2+ 1-0

[Event "XXVII. Abierto de Sevilla"]
[Site "?"]
[Date "2002.01.16"]
[Round "6"]
[White "Calvo, J.M."]
[Black "Rivadulla Horrillo, J.M."]
[Result "1-0"]
[WhiteElo "2285"]
[BlackElo "2076"]
[PlyCount "69"]
[EventDate "1996.??.??"]

1. d4 Nf6 2. c4 g6 3. Nc3 Bg7 4. e4 d6 5. f4 O-O 6. Nf3 c5 7. d5 Na6 8. Bd3 Nc7
9. O-O Rb8 10. e5 Nfe8 11. a4 e6 12. h3 exd5 13. cxd5 b6 14. Bc4 a6 15. Qe2 b5
16. axb5 axb5 17. Nxb5 Nxb5 18. Bxb5 dxe5 19. fxe5 Qxd5 20. Bc4 Qc6 21. Ng5 Be6
22. Nxe6 fxe6 23. Rxf8+ Bxf8 24. Ra7 Nc7 25. Qg4 Bg7 26. Qg5 { } 26... Ra8 (
26... Qe4) 27. Rxa8+ Qxa8 28. Qe7 Qc6 29. Qd6 Qe4 30. Qd8+ Bf8 31. Bh6 Qd4+ 32.
Qxd4 cxd4 33. Bxf8 Kxf8 34. Kf2 Ke7 35. Ke2 1-0

[Event "XXVII. Abierto de Sevilla"]
[Site "?"]
[Date "2002.01.16"]
[Round "6"]
[White "Garcia Luque, A."]
[Black "Salazar Reyes, J."]
[Result "1/2-1/2"]
[WhiteElo "2425"]
[BlackElo "2440"]
[PlyCount "98"]
[EventDate "1996.??.??"]

1. e4 e5 2. Nf3 Nf6 3. Nxe5 d6 4. Nf3 Nxe4 5. Qe2 Qe7 6. d3 Nf6 7. Bg5 Qxe2+ 8.
Bxe2 Be7 9. O-O O-O 10. Re1 h6 11. Bf1 Be6 12. Bd2 Nc6 13. h3 Rae8 14. Na3 Bd8
15. Red1 Bd7 16. Nc4 Nd5 17. a4 Bf6 18. c3 Bf5 19. d4 Bc2 20. Rdc1 Bf5 21. b4
Bg6 22. b5 Nd8 23. a5 Kh7 24. Ra2 Be7 25. Rb2 Bh5 26. g4 Bg6 27. Bg2 Ne6 28.
Nh4 Ndf4 29. Nxg6 29... fxg6 { } 30. Be3 $2 30... Nxg2 31. Kxg2 d5 32. Ne5 Ba3
33. Rcc2 Bxb2 34. Rxb2 g5 35. Ra2 35... Nf4+ $2 (35... a6) 36. Bxf4 Rxf4 37. a6
b6 (37... bxa6 38. Rxa6 Rb8) 38. Nc6 Ra8 39. Re2 $44 39... Re4 40. Rxe4 dxe4
41. Kf1 Rf8 42. Ne5 g6 43. Ke2 Kg7 44. Ke3 Rf4 45. c4 45... Kf6 { } 46. Ke2 Ke6
47. Ke3 Kf6 48. Ke2 Ke6 49. Ke3 Kf6 1/2-1/2

[Event "XXVII. Abierto de Sevilla"]
[Site "?"]
[Date "2002.01.16"]
[Round "6"]
[White "Estremera Panos, S."]
[Black "Carrabeo Garcia, M."]
[Result "1-0"]
[WhiteElo "2383"]
[BlackElo "2072"]
[PlyCount "105"]
[EventDate "1996.??.??"]

1. d4 Nf6 2. c4 e6 3. Nc3 Bb4 4. e3 O-O 5. Bd3 d5 6. Nf3 c5 7. O-O dxc4 8. Bxc4
cxd4 9. exd4 Qc7 10. Qe2 b6 11. Nb5 Qd8 12. Bf4 a6 13. Nc3 Bb7 14. Rfd1 Nd5 15.
Nxd5 Bxd5 16. Bxd5 Qxd5 17. a3 Be7 18. Rac1 Nc6 19. Bc7 Bd8 20. Qc2 Bxc7 21.
Qxc6 Bf4 22. Qxd5 exd5 23. Rc6 Rab8 24. g3 Bh6 25. Rd3 Rfc8 26. Rdc3 Rxc6 27.
Rxc6 f6 28. Nh4 g6 29. f4 Bf8 30. Ng2 { } 30... Re8 $2 (30... f5) 31. Rxb6 Re2
32. Nh4 Kf7 33. Nf3 Be7 34. Rb3 Rc2 35. Rb6 Re2 36. Rxa6 Rxb2 37. a4 Ra2 38. g4
h6 39. h4 Ra3 40. Kg2 Ra2+ 41. Kg3 Ra3 42. g5 hxg5 43. hxg5 fxg5 44. Kg4 gxf4
45. Ne5+ Ke8 46. Kxf4 g5+ 47. Kf5 Kf8 48. Ra8+ Kg7 49. Ra7 g4 50. Rxe7+ Kf8 51.
Kf6 Kg8 52. Kg6 Kf8 53. Re6 1-0

[Event "XXVII. Abierto de Sevilla"]
[Site "?"]
[Date "2002.01.16"]
[Round "6"]
[White "Frois, A."]
[Black "Caro Rodriguez, J.A."]
[Result "1-0"]
[WhiteElo "2354"]
[BlackElo "2114"]
[PlyCount "107"]
[EventDate "1996.??.??"]

1. e4 c5 2. Nf3 Nc6 3. Bb5 Nd4 4. Nxd4 cxd4 5. O-O a6 6. Ba4 e6 7. c3 Bc5 8.
Qg4 Nf6 9. Qe2 e5 10. b4 Ba7 11. Bb2 dxc3 12. dxc3 b5 13. Bc2 Bb7 14. a4 bxa4
15. Nd2 O-O 16. Nc4 Qc7 17. Na5 Bc8 18. h3 d6 19. Rxa4 Bd7 20. Ra3 Rfc8 21. Bd3
Bb5 22. c4 Bd7 23. Bc3 Be6 24. Rc1 Bb6 25. Bd2 Bd4 26. Rc2 Bb6 27. c5 dxc5 28.
Bxa6 Rd8 29. Nb7 Rxd2 30. Qxd2 Rxa6 31. Rxa6 31... Qxb7 { } 32. bxc5 (32. Rxb6
Qxb6 33. bxc5 Qc7) 32... Qxa6 33. Qd6 Qa1+ 34. Kh2 Bxc5 35. Rxc5 35... h6 $15
36. Rxe5 Qa2 37. f4 Qc4 (37... Bc4 $17) 38. f5 38... Nxe4 $2 (38... Bd7 $15)
39. Qb8+ $18 39... Kh7 40. fxe6 Nf6 41. Qb1+ Kg8 42. exf7+ Kxf7 43. Rb5 Qf4+
44. Kg1 Qd4+ 45. Kh1 Qe4 46. Qxe4 Nxe4 47. Kg1 Kg6 48. Ra5 h5 49. Kf1 h4 50.
Ke2 Nf6 51. Kf3 Kh6 52. Kf4 g6 53. Rb5 Kh7 54. Kg5 1-0

[Event "XXVII. Abierto de Sevilla"]
[Site "?"]
[Date "2002.01.17"]
[Round "7"]
[White "Lalic , B."]
[Black "Fernandez Romero, E."]
[Result "1/2-1/2"]
[WhiteElo "2523"]
[BlackElo "2347"]
[PlyCount "37"]
[EventDate "1996.??.??"]

1. d4 Nf6 2. c4 c5 3. d5 b5 4. Nd2 bxc4 5. e4 c3 6. bxc3 d6 7. Ngf3 g6 8. Bb5+
Bd7 9. Bd3 Bg7 10. O-O O-O 11. Nc4 Bb5 12. Re1 Nfd7 13. Bd2 Ba6 14. Qe2 Nb6 15.
Rab1 Nxc4 16. Bxc4 Bxc4 17. Qxc4 Nd7 18. Rb7 Nb6 19. Qb5 { } 1/2-1/2

[Event "XXVII. Abierto de Sevilla"]
[Site "?"]
[Date "2002.01.17"]
[Round "7"]
[White "Salazar Reyes, J."]
[Black "Mellado Trivino, J."]
[Result "1/2-1/2"]
[WhiteElo "2275"]
[BlackElo "2447"]
[PlyCount "33"]
[EventDate "1996.??.??"]

1. e4 e5 2. Nf3 Nc6 3. Bb5 Nf6 4. Qe2 a6 5. Ba4 Be7 6. c3 b5 7. Bb3 O-O 8. O-O
d6 9. h3 Na5 10. Bc2 c5 11. d3 Re8 12. Rd1 Bf8 13. Nbd2 d5 14. Nf1 d4 15. Ng3
Rb8 16. Bd2 Nc6 17. Rac1 { } 1/2-1/2

[Event "XXVII. Abierto de Sevilla"]
[Site "?"]
[Date "2002.01.17"]
[Round "7"]
[White "Cabrera, A."]
[Black "Frois, A."]
[Result "1-0"]
[WhiteElo "2440"]
[BlackElo "2354"]
[PlyCount "33"]
[EventDate "1996.??.??"]

1. e4 c5 2. Nc3 Nc6 3. f4 g6 4. Nf3 Bg7 5. Bb5 Nd4 6. O-O Nxb5 7. Nxb5 d6 8. d3
Nf6 9. a4 Bd7 10. Qe1 O-O 11. Qh4 Bc6 12. f5 a6 13. Nc3 b5 14. Bh6 b4 15. Ne2
Nh5 16. Bxg7 Kxg7 17. fxg6 { } (17. fxg6 hxg6 (17... fxg6 18. g4 Nf6 (18... Nf4
19. Nxf4 Rxf4 20. Ng5 $18) 19. Ng5 Bd7 20. Rxf6 $18) 18. Ng5 Qe8 (18... Qd7 19.
g4 $18) 19. Ng3 (19. g4 Nf6 20. Rxf6 Rh8 21. Rxf7+ Qxf7 22. Qxh8+ Rxh8 23. Nxf7
23... Kxf7 $14) 19... Rh8 20. Nxf7 Nxg3 (20... Qxf7 21. Rxf7+ Kxf7 22. Nxh5
Rxh5 23. Rf1+ Ke8 24. Qg4) 21. Qxg3) 1-0

[Event "XXVII. Abierto de Sevilla"]
[Site "?"]
[Date "2002.01.17"]
[Round "7"]
[White "Pogorelov, R."]
[Black "Perez Perez, M."]
[Result "1-0"]
[WhiteElo "2460"]
[BlackElo "2056"]
[PlyCount "61"]
[EventDate "1996.??.??"]

1. Nf3 d5 2. d4 e6 3. c4 c5 4. cxd5 exd5 5. g3 Nc6 6. Bg2 Nf6 7. O-O Be7 8. Nc3
O-O 9. dxc5 Bxc5 10. Bg5 d4 11. Bxf6 Qxf6 12. Nd5 Qd8 13. Nd2 Re8 14. Rc1 Bb6
15. Nc4 Be6 16. Nf4 { } 16... Rc8 $6 (16... Bxc4) (16... Bg4) 17. Nxe6 17...
Rxe6 $2 (17... fxe6) 18. Nxb6 Qxb6 19. Bh3 Rce8 20. Bxe6 Rxe6 21. Qd2 h5 22. a3
Qb5 23. Rfe1 Qd5 24. Qd3 h4 25. Qf3 Qd8 26. b4 hxg3 27. hxg3 Qg5 28. Rc5 Ne5
29. Qe4 g6 30. Kg2 d3 31. exd3 1-0

[Event "XXVII. Abierto de Sevilla"]
[Site "?"]
[Date "2002.01.17"]
[Round "7"]
[White "Martin Vazquez, J.M."]
[Black "Blancafort Batet, J."]
[Result "1-0"]
[WhiteElo "2194"]
[BlackElo "2003"]
[PlyCount "49"]
[EventDate "1996.??.??"]

1. d4 d5 2. c4 e6 3. Nc3 Nf6 4. cxd5 Nxd5 5. e4 Nf6 6. Nf3 c6 7. Bd3 Be7 8. O-O
O-O 9. Qe2 Nfd7 10. Bf4 Re8 11. Rfd1 Nf8 12. Rac1 Bd6 13. Bxd6 Qxd6 14. e5 Qe7
15. Ne4 Nbd7 16. Nfg5 f6 17. Nf3 Ng6 18. Nd6 Rd8 19. Qc2 Ndf8 20. g3 fxe5 21.
Nxc8 Raxc8 22. dxe5 Rc7 23. h4 { } 23... Nh8 $2 (23... Rcd7 $14 24. h5 Nh8) 24.
Ng5 24... h6 $2 (24... Nhg6 25. Bxg6 hxg6 26. Ne4 $16) 25. Bh7+ 1-0

[Event "XXVII. Abierto de Sevilla"]
[Site "?"]
[Date "2002.01.17"]
[Round "7"]
[White "Korneev, O."]
[Black "Teran Alvarez, I."]
[Result "1-0"]
[WhiteElo "2568"]
[BlackElo "2392"]
[PlyCount "67"]
[EventDate "1996.??.??"]

1. e4 c5 2. Nf3 d6 3. d4 cxd4 4. Nxd4 Nf6 5. Nc3 a6 6. Be3 e6 7. f3 b5 8. Qd2
Nbd7 9. O-O-O Bb7 10. g4 Nb6 11. Qf2 Nfd7 12. Bd3 Rc8 13. Nce2 Nc5 14. Kb1 Nba4
15. g5 (15. Nb3 Qc7 16. Rc1 d5 17. exd5 Bxd5 18. Rhe1 Bd6 19. f4 O-O 20. Bd4
Nxd3 21. cxd3 Qd7 22. Ng3 f6 23. Qe3 Rxc1+ 24. Rxc1 Rc8 25. Rxc8+ Qxc8 26. g5
fxg5 27. fxg5 Qf8 28. Be5 Bxe5 29. Qxe5 Qf3 30. Nc1 Nc5 31. Qb8+ Qf8 32. Qc7 g6
33. Nge2 Nb7 34. Nf4 Qd6 35. Qxd6 Nxd6 36. b4 Kf7 37. Nxd5 exd5 38. Nb3 Ne8 39.
Nc5 Nc7 40. Kc2 d4 41. Kd1 Ke7 42. Ke2 Kd6 43. Kf3 Kd5 44. Kg4 {
-  Korneev,O-Herrera,I/Madrid 2001/CBM 84 ext (44)}) 15... Qc7 16. Rd2 Be7 17.
h4 d5 (17... O-O 18. h5 f6 19. g6 h6 20. Bxh6 gxh6 21. Qe3 f5 22. Qxh6 Bf6 23.
g7 Bxg7 24. Rg1 fxe4 25. Nf4 Rxf4 26. Rdg2 Rcf8 27. Nxe6 Nxe6 28. Qxe6+ Kh8 29.
h6 Bf6 30. Bxe4 Bxe4 31. Qxe4 Bxb2 32. Qg6 Bf6 33. Rh1 Nc3+ 34. Kc1 Nxa2+ 35.
Kb1 Nc3+ 36. Kc1 Ne2+ 37. Rxe2 Rg8 38. h7 Rf8 39. Qh5 Bg7 40. Qd5 40... Qc3 {
0-1 Teran Alvarez,I-Herrera,I/Santa Clara 2001/EXT 2002 (40).}) 18. e5 { }
18... Ne4 $6 (18... Nxd3) 19. fxe4 dxe4 20. Nxb5 20... axb5 $2 (20... Qxe5 21.
Bd4 Qf5 22. Qxf5 exf5 23. Na7 23... Rc7 $11) 21. Bxb5+ Bc6 22. Bxc6+ Qxc6 23.
Nd4 Qc7 24. Nb3 $16 24... O-O 25. Bd4 Ra8 26. Qe2 Qc6 27. Re1 Nb6 28. Bxb6 Qxb6
29. Rd7 Bb4 30. c3 Bc5 31. Qxe4 Rfb8 32. Qf4 f5 33. exf6 Rxa2 34. Qc4 1-0

[Event "XXVII. Abierto de Sevilla"]
[Site "?"]
[Date "2002.01.17"]
[Round "7"]
[White "Barrenechea Bahamonde, G."]
[Black "Estrada Martinez, C."]
[Result "1-0"]
[WhiteElo "2094"]
[BlackElo "2186"]
[PlyCount "65"]
[EventDate "1996.??.??"]

1. e4 c5 2. Nf3 g6 3. d4 cxd4 4. Nxd4 Bg7 5. Nc3 Nc6 6. Be3 Nf6 7. Bc4 O-O 8.
Bb3 a5 9. O-O a4 10. Nxa4 Nxe4 11. Nb5 Ra6 12. c4 d6 13. Qe2 Nf6 14. h3 Be6 15.
Rad1 Na5 (15... Nd7) 16. Nc5 Nxb3 17. axb3 { } 17... Bxc4 $2 (17... Ra8) 18.
bxc4 Rc6 19. b4 b6 20. Nb3 Nd7 21. N3d4 Rc8 22. Nf3 Ra8 23. Bd4 Ra4 24. Bxg7
Kxg7 25. Qb2+ Kg8 26. Ra1 Rxa1 27. Rxa1 Qc8 28. Qd4 Qc6 29. Re1 d5 30. Rxe7 Rd8
31. Qxd5 Qxd5 32. cxd5 Nf6 33. d6 1-0

[Event "XXVII. Abierto de Sevilla"]
[Site "?"]
[Date "2002.01.17"]
[Round "7"]
[White "Justiniano Marquez, M.A."]
[Black "Garrido Dominguez, J."]
[Result "0-1"]
[WhiteElo "2124"]
[BlackElo "2141"]
[PlyCount "64"]
[EventDate "1996.??.??"]

1. Nf3 f5 2. c4 Nf6 3. d4 d6 4. g3 c6 5. Nc3 Qc7 6. d5 e5 7. dxe6 Bxe6 8. Nd4
Bxc4 9. Nxf5 Nd5 10. Ne3 Nxc3 11. bxc3 Be6 12. Bg2 d5 13. O-O Bc5 14. Nc2 Qd7
15. e4 O-O 16. exd5 cxd5 (16... Bxd5) 17. Nd4 Bf7 18. Be3 Bb6 19. Qd2 Nc6 20.
Nxc6 $6 20... bxc6 21. Bd4 Qd6 22. f4 Rab8 23. Rab1 Bg6 24. Rb2 Bxd4+ 25. cxd4
Qa3 (25... Be4) 26. Rxb8 Rxb8 27. f5 27... Rb2 $6 (27... Bf7) 28. Qg5 $14 28...
Be8 29. f6 Bg6 (29... Qf8 $5) 30. fxg7 $14 30... Qd6 { } 31. Qh6 $4 (31. h4 Rb1
32. Rxb1 Bxb1 33. a4 $14) (31. Rf6 Qd7 32. Rf8+ Kxg7 33. Qf6+ Kh6 34. Ra8 $14)
31... Rxg2+ 32. Kh1 Rf2 0-1

[Event "XXVII. Abierto de Sevilla"]
[Site "?"]
[Date "2002.01.17"]
[Round "7"]
[White "Spraggett, K."]
[Black "Estremera Panos, S."]
[Result "1-0"]
[WhiteElo "2541"]
[BlackElo "2383"]
[PlyCount "81"]
[EventDate "1996.??.??"]

1. e4 c5 2. Nf3 Nc6 3. d4 cxd4 4. Nxd4 Nf6 5. Nc3 d6 6. Bg5 e6 7. Qd2 Be7 8.
O-O-O O-O 9. Nb3 Qb6 10. f3 a6 11. g4 Qc7 12. Be3 b5 13. g5 Nd7 14. Qf2 (14. h4
Nb6 15. a3 Ne5 16. Bxb6 Qxb6 17. f4 Nc4 18. Qd4 Qxd4 19. Nxd4 Bb7 20. Bxc4 bxc4
21. f5 d5 22. fxe6 dxe4 23. Rhe1 f5 24. Nxf5 Rxf5 25. Rd7 Bd8 26. Rxb7 Ba5 27.
Rxe4 {1-0 Vasiukov,E-Filipowicz,A/Budapest 1965/MCD (27).}) 14... Rb8 15. Kb1
Nb6 16. h4 Na4 17. Ne2 Ne5 18. Bc1 Nc4 19. f4 Bb7 20. Bg2 Rfc8 21. Ng3 d5 22.
Rd3 dxe4 23. Bxe4 Nd6 24. Bxb7 Qxb7 25. Re1 Rd8 26. h5 Nc4 27. f5 exf5 28. Nxf5
Bf8 29. Rg3 Nd6 (29... Rd7 $5 30. g6 fxg6 31. hxg6 h6) 30. g6 { } 30... Nxf5 $6
(30... fxg6 31. hxg6 h6 32. Rge3 $14) 31. Qxf5 31... Qd7 $2 (31... fxg6 32.
hxg6 32... h6 $14) 32. gxh7+ Kh8 33. Qf2 Kxh7 34. Rf1 Rb7 35. Rf3 f6 36. h6
gxh6 37. Rxf6 Bg7 38. Rh1 Qd5 39. Rfxh6+ Bxh6 40. Rxh6+ Kg8 41. Qh4 1-0

[Event "XXVII. Abierto de Sevilla"]
[Site "?"]
[Date "2002.01.17"]
[Round "7"]
[White "Barrero Garcia, C."]
[Black "Oliva Del Amo, A.J."]
[Result "0-1"]
[WhiteElo "2308"]
[BlackElo "2091"]
[PlyCount "54"]
[EventDate "1996.??.??"]

1. e4 d5 2. exd5 Nf6 3. c4 c6 4. d4 cxd5 5. Nc3 e6 6. Nf3 Bb4 7. Bg5 Bxc3+ 8.
bxc3 Qa5 9. Qc2 Ne4 10. Bd2 Bd7 11. a4 Nc6 12. Bd3 O-O 13. O-O (13. Bxe4 dxe4
14. Qxe4) 13... f5 14. Bf4 Rac8 (14... dxc4 $5 15. Bxc4 Qxc3) 15. c5 b6 16. Bd6
(16. cxb6) 16... Rf7 17. Rfb1 bxc5 18. Bxc5 (18. dxc5 Nxc3 19. Rb3 19... Ne4
$17) 18... Nxc3 $15 19. Rb7 19... Ne4 { } 20. Bb5 $2 (20. Rb5 Qc7 21. Ba3)
20... Nxd4 $19 21. Bxd4 $6 (21. Nxd4 Rxc5 22. Qb2 Bc8 23. Rxf7 23... Kxf7 $19)
21... Rxc2 22. Bxd7 Nc5 23. Rb8+ Rf8 24. Be8 Qc7 25. Be5 Qxb8 26. Bxb8 Rxe8 27.
Bxa7 Ra8 0-1

[Event "XXVII. Abierto de Sevilla"]
[Site "?"]
[Date "2002.01.17"]
[Round "7"]
[White "Tomas Batet, J."]
[Black "Nuevo Perez, A."]
[Result "1/2-1/2"]
[WhiteElo "2055"]
[BlackElo "2169"]
[PlyCount "57"]
[EventDate "1996.??.??"]

1. e4 e5 2. Nf3 Nc6 3. Bc4 Bc5 4. O-O Nf6 5. d3 d6 6. h3 Na5 7. Nc3 Nxc4 8.
dxc4 Be6 9. Qe2 a6 10. Rd1 Qc8 11. Ng5 Bd7 12. Nd5 h6 13. Nf3 Qd8 14. c3 a5 15.
a4 Nxd5 16. cxd5 g5 17. Be3 Bxe3 18. Qxe3 Qf6 19. b3 Qf4 20. Rd3 f5 21. exf5
Bxf5 22. Rd2 Qxe3 23. fxe3 Ke7 24. Rf2 Rhf8 25. Nd2 Bg6 26. e4 Rxf2 27. Kxf2
Rf8+ 28. Ke3 h5 29. g3 { } 1/2-1/2

[Event "XXVII. Abierto de Sevilla"]
[Site "?"]
[Date "2002.01.17"]
[Round "7"]
[White "Garcia Garcia, E."]
[Black "Romero Garcia, M."]
[Result "0-1"]
[WhiteElo "2029"]
[BlackElo "2166"]
[PlyCount "84"]
[EventDate "1996.??.??"]

1. e4 c5 2. Nf3 d6 3. d4 cxd4 4. Nxd4 Nf6 5. Nc3 g6 6. Be3 Bg7 7. f3 Nc6 8. Qd2
O-O 9. O-O-O Bd7 10. g4 h5 11. gxh5 Nxh5 12. Be2 b5 13. Bxb5 Rc8 14. Bxc6 Bxc6
15. Nxc6 Rxc6 16. Bd4 Qa5 17. Bxg7 Nxg7 18. Qd5 Rc5 19. Qb3 Rfc8 20. Rd5 Ne6
21. Rhd1 Kg7 22. Rxc5 Qxc5 23. Kb1 Qf2 24. Qd5 Qxf3 25. Qd3 Qh5 26. Rd2 Qg5 27.
a3 Rh8 28. Nd5 (28. Qe2) 28... Nc5 29. Qd4+ 29... e5 { } 30. Qe3 (30. Qb4)
30... Qxe3 31. Nxe3 Nxe4 32. Re2 f5 33. c4 Rc8 34. Rc2 f4 35. Ng4 Rxc4 36. Rxc4
Nd2+ 37. Kc2 Nxc4 38. Kc3 Nb6 39. b4 Kf7 40. Kb3 e4 41. Kc3 Ke6 42. Kd4 d5 0-1

[Event "XXVII. Abierto de Sevilla"]
[Site "?"]
[Date "2002.01.17"]
[Round "7"]
[White "Suba, M."]
[Black "Cifuentes Parada, R."]
[Result "0-1"]
[WhiteElo "2528"]
[BlackElo "2521"]
[PlyCount "102"]
[EventDate "1996.??.??"]

1. c4 Nf6 2. Nc3 e6 3. d4 d5 4. Bg5 Be7 5. e3 O-O 6. Rc1 c6 7. Nf3 Nbd7 8. a3
a6 9. cxd5 exd5 10. Bd3 Ne4 11. Bxe4 Bxg5 12. Bb1 Be7 13. Qc2 Nf6 14. O-O g6
15. b4 a5 16. Qb3 axb4 17. axb4 Qb6 18. b5 Ra3 19. Qb2 Be6 20. Bd3 Rfa8 21. h3
$6 (21. Ra1 $11) 21... cxb5 22. Qb1 $6 (22. Qxb5 Qxb5 23. Bxb5 R8a5 24. Be2 $15
) 22... b4 23. Nb5 $6 (23. Rfd1) 23... Rxd3 24. Qxd3 Bf5 25. Qe2 Ra5 (25... Bd7
26. Nc7 Rc8 27. Nxd5 27... Nxd5 $17) 26. Nc7 Bd8 27. g4 { } 27... Nxg4 $6 (
27... Bd7 $19) 28. hxg4 $2 (28. Nxd5 $1 28... Rxd5 29. e4 Qe6 30. Rfe1 Qxe4 31.
Qxe4 Bxe4 32. Rxe4 32... Nf6 $15) 28... Bxg4 $19 29. e4 Bxc7 30. exd5 Rxd5 31.
Qe8+ Kg7 32. Ne5 Bxe5 33. dxe5 b3 34. Qe7 Qe6 35. Qxe6 Bxe6 36. Rfe1 g5 37. Re2
Kg6 38. Kg2 h5 39. Rb1 Rb5 40. f4 gxf4 41. Kf2 Bf5 42. Rg1+ Kh6 43. Rb2 Bc2 44.
Kf3 Rxe5 45. Kxf4 Re4+ 46. Kf3 Rg4 47. Re1 Kg5 48. Re8 f5 49. Rg8+ Kf6 50. Rh8
Ke5 51. Ke3 h4 0-1

[Event "XXVII. Abierto de Sevilla"]
[Site "?"]
[Date "2002.01.17"]
[Round "7"]
[White "Hamdouchi, H."]
[Black "Matamoros Franco, C."]
[Result "1/2-1/2"]
[WhiteElo "2522"]
[BlackElo "2456"]
[PlyCount "107"]
[EventDate "1996.??.??"]

1. e4 e6 2. d4 d5 3. Nc3 Bb4 4. exd5 exd5 5. Bd3 Nc6 6. a3 Ba5 7. Be3 Nge7 8.
Qh5 Be6 9. Nf3 Bxc3+ 10. bxc3 Qd7 11. Ng5 O-O-O 12. Nxe6 fxe6 13. O-O Nf5 14.
Rfe1 Rde8 15. Bf4 g6 16. Qh3 Rhf8 17. g3 Na5 18. Rab1 a6 19. Rb4 Rf7 20. Reb1
Qc6 21. Qf1 Nd6 22. Bxd6 Qxd6 23. Ra4 Nc4 24. Bxc4 dxc4 25. Rxc4 Ref8 (25...
Qxa3 26. Qg2 $18) 26. f4 g5 27. Qg2 { } 27... Qd5 (27... gxf4 28. Qxb7+ Kd7 29.
Qb4 Qxb4 30. cxb4 fxg3 31. hxg3 Rf3 32. Kg2 32... Rxa3 $11) 28. Rc5 $6 (28.
Rcb4 Qxg2+ 29. Kxg2 b6 30. fxg5 Rf2+ 31. Kh3 31... Rxc2 $11) 28... Qxg2+ 29.
Kxg2 gxf4 30. g4 Rf6 (30... f3+ 31. Kf2 Rf4 32. h3 Re4 33. Re5 $11) 31. h3 h6
32. Kf3 Rg8 33. Re1 Rg5 34. Ree5 Rg7 35. Re4 Rgf7 36. h4 Kd7 37. g5 hxg5 38.
Rxg5 Kd6 39. c4 Rf5 40. Rxf5 exf5 41. Re2 c5 42. dxc5+ Kxc5 43. Kxf4 Kxc4 44.
Re3 Rh7 45. Kg5 Kd4 46. Rf3 Rc7 47. Rf4+ Kc3 48. a4 b5 49. axb5 axb5 50. Rxf5
b4 51. Rf4 (51. Rf2 Kb2 52. Rf4 Kc3) 51... Rg7+ 52. Kf6 Rg2 53. h5 Rxc2 54. h6
{ } 1/2-1/2

[Event "XXVII. Abierto de Sevilla"]
[Site "?"]
[Date "2002.01.17"]
[Round "7"]
[White "Paragua, M."]
[Black "Rustemov, A."]
[Result "1/2-1/2"]
[WhiteElo "2469"]
[BlackElo "2607"]
[PlyCount "130"]
[EventDate "1996.??.??"]

1. Nf3 d5 2. d4 Nf6 3. c4 e6 4. Nc3 Be7 5. Bg5 h6 6. Bxf6 Bxf6 7. Qb3 c6 8. e3
O-O 9. Be2 Nd7 10. O-O Rb8 11. Rac1 b5 12. cxb5 cxb5 13. a3 a6 14. Na2 Nb6 15.
Nb4 Bb7 16. Nd3 Nc4 17. Qa2 Qe7 18. Nc5 Rfc8 19. b3 Nd6 20. Ne1 e5 21. dxe5
Bxe5 22. Ned3 Bf6 23. Nxb7 Qxb7 24. Bf3 Ne4 25. b4 Nc3 26. Qd2 Rc4 27. Nc5 Qc6
28. Rc2 a5 29. Rfc1 axb4 30. axb4 Rxb4 31. Nd3 (31. Rxc3 $5 31... Bxc3 32. Rxc3
Rc4 33. Bxd5 Qxc5 34. Bxc4 bxc4 35. Qc1 Qf5 36. Rc2 Qd3 37. h3 $15) 31... Rc4
32. Nf4 Rd8 33. g3 Qc5 34. Qd3 Be5 35. Nxd5 Nxd5 36. e4 Rc8 (36... Bd4 37. exd5
Bxf2+ 38. Kg2 Rc8 39. Rxc4 bxc4 40. Qc2 40... Bd4 $17) 37. Rxc4 bxc4 38. Qxd5
Qa3 39. Re1 Qxf3 40. Qxe5 40... c3 { } 41. Qf5 Qxf5 42. exf5 Kf8 43. f6 gxf6
44. Kf1 Kg7 45. Rc1 Kg6 46. Ke2 Kg5 47. f3 f5 48. Kd3 Rd8+ 49. Kxc3 f4 50. Re1
f5 51. Re5 fxg3 52. hxg3 h5 53. Kc2 h4 54. gxh4+ Kf4 55. Ra5 Rf8 56. Kd2 Kxf3
57. Ke1 Kg2 58. Ra2+ Kg1 59. Ke2 Kg2 60. Ke1+ Kg3 61. Ra3+ Kg4 62. Kf2 Rb8 63.
Rc3 Rb2+ 64. Kf1 f4 65. h5 Kxh5 1/2-1/2

[Event "XXVII. Abierto de Sevilla"]
[Site "?"]
[Date "2002.01.17"]
[Round "7"]
[White "Rodriguez Guerrero, E."]
[Black "Epishin, A."]
[Result "0-1"]
[WhiteElo "2309"]
[BlackElo "2599"]
[PlyCount "102"]
[EventDate "1996.??.??"]

1. c4 Nf6 2. g3 c6 3. Nf3 d5 4. b3 Bg4 5. Bb2 Bxf3 6. exf3 Nbd7 7. f4 g6 8. d3
Bg7 9. Bg2 O-O 10. O-O Qc7 11. Qc2 dxc4 12. dxc4 Rad8 13. Nd2 e5 14. fxe5 Nxe5
15. Nf3 Nfd7 16. Nxe5 Bxe5 17. Rfe1 Bxb2 18. Qxb2 Nc5 19. Qc2 Qa5 20. Red1 Qb4
21. h4 h5 22. f4 Rfe8 23. f5 Kh7 24. Qf2 24... Nd3 $2 (24... Rxd1+ 25. Rxd1 Re7
) 25. fxg6+ 25... Kxg6 { } 26. Qc2 $2 (26. Rxd3 Rxd3 27. Rf1 $18) 26... Re3 $6
(26... Qd6 $17) 27. Rxd3 Rdxd3 28. Be4+ Rxe4 29. Qxd3 Qc5+ 30. Kg2 Qd4 31. Qxd4
Rxd4 32. Kf3 (32. Rf1) 32... Rd2 33. Ke3 Rc2 34. Kf4 34... a5 $15 35. Kf3 f6
36. Kf4 a4 37. g4 a3 38. gxh5+ Kxh5 39. Kf5 Rf2+ 40. Ke6 f5 41. Kd6 f4 42. Ke5
Kxh4 43. Rg1 Kh3 44. Rg7 Kh2 45. Rxb7 Kg3 46. Rg7+ Kf3 47. Rf7 Ke3 48. b4 f3
49. Kf5 Rxa2 50. Kg4 Rg2+ 51. Kh3 Rg1 0-1